Weather-driven Architectural Design in the Digital Age

Enregistré dans:
Détails bibliographiques
Auteur principal: Kabošová, Lenka (Auteur)
Autres auteurs: (Directeur de thèse)
Format: Manuscrit Livre
Langue:slovaque
anglais
Publié: 2024
Sujets:
Accès en ligne:http://is.stuba.sk/zp/portal_zp.pl?podrobnosti_zp=99284
Tags: Ajouter un tag
Pas de tags, Soyez le premier à ajouter un tag!

MARC

LEADER 00000ntm a22000003a 4500
001 stuzp99284
003 SK-STU
005 20241123210317.5
007 ta
008 150427s2015----xo-----f-mn---000-0-slo-d
040 |a STU  |b slo 
041 0 |a eng 
100 1 |a Kabošová, Lenka  |u 050903  |4 aut  |U FAD Dekanát  |T FAD Oddelenie pre vedu a výskum  |X null  |U A0903  |Y 93  |7 null 
242 0 1 |a Weather-driven Architectural Design in the Digital Age  |y slo 
245 1 0 |a Weather-driven Architectural Design in the Digital Age 
260 |c 2024 
650 4 |a tvarová optimalizácia  |2 slo 
650 4 |a hľadanie tvaru  |2 slo 
650 4 |a digitálne navrhovanie  |2 slo 
650 4 |a počasie  |2 slo 
650 4 |a architektúra  |2 slo 
650 4 |a performatívna architektúra  |2 slo 
650 4 |a Výpočtová Dynamika Tekutín  |2 slo 
650 4 |a simulácie  |2 slo 
650 4 |a digital design  |2 eng 
650 4 |a performative architecture  |2 eng 
650 4 |a Computational Fluid Dynamics (CFD)  |2 eng 
650 4 |a simulations  |2 eng 
650 4 |a form-finding  |2 eng 
650 4 |a architecture  |2 eng 
650 4 |a shape optimization  |2 eng 
650 4 |a weather  |2 eng 
700 1 |a ,  |4 ths  |X null  |7 null 
856 4 |u http://is.stuba.sk/zp/portal_zp.pl?podrobnosti_zp=99284 
996 |b 284AU10293  |c A* 13567/V  |l AAKNST  |s P  |a 0  |w stuzp99284_0001